000 00270nam a2200097Ia 4500
001 990485
005 20250826221312.0
008 250824s9999 xx 000 0 und d
245 0 _aKRAL ŞAKİR/MACERA DEVAM EDİYOR/T1
_cHALUK CAN DİZDAROĞLU
260 _bİKİ A YAYINCILIK
999 _c990485
_d990485